000 00562 a2200181 4500
003 OSt
005 20231208135947.0
008 231208b |||||||| |||| 00| 0 eng d
020 _a9789352828661
040 _coclc
082 _a954.035
_bCHA/S
100 1 _aChandra, Bipan
_9137
245 _aSWATHANTHRYANANTHARA INDIA = India since independence /
_cBipan Chandra, Mridula Mukherjee, Aditya Mukherjee
250 _a2nd ed.
260 _bD C Books,
_c2022.
300 _a909p
942 _2ddc
_cBK
_h954.035
_iCHA/S
_k954.035
_mCHA/S
999 _c44197
_d44197